| 000 | 00664nam a22002057a 4500 | ||
|---|---|---|---|
| 005 | 20250304112900.0 | ||
| 008 | 250304b sp|||||||| |||| 00| 0 spa d | ||
| 020 | _a8430915737 | ||
| 050 | 0 | 4 |
_aDD199 _bF52 1988 |
| 100 | 1 | _aGottlieb Fichte, Johann | |
| 245 | 1 | 0 |
_aDiscursos a la nación alemana / _cJohann Gottliebb Fichte ; estudio preliminar y traducción de Ma. Jesús Varela y Luis A. Acosta. |
| 250 | _a1a ed. | ||
| 260 |
_aMadrid : _bTecnos, _c1988 |
||
| 300 |
_axxxv, 292 p. ; _c18 cm. |
||
| 490 | 0 | _aClásicos del Pensamiento | |
| 500 | _a | ||
| 650 | 7 | _aEducacion y Estado | |
| 700 | 1 |
_aVarela, Jesus Ma., _etraductor |
|
| 942 |
_2lcc _cLIB |
||
| 999 |
_c140359 _d140357 |
||